00756nam a22001697a 4500999001500000003000400015008004100019100001800060245003000078250000900108260003600117300000800153650008600161942001200247952016400259952016300423 c8762d8762OSt200710b ||||| |||| 00| 0 eng d aItkar, Sachin aPharmaceutical Management a2018 aN DelhibNirali prakashanc2018 aB.2 aPharmaceutics- Drug Delivery Systems,Pharmaceutical Engineering regulraty Science 2ddccBK 00102ddc40708BPaPIETbPIETd2020-02-01eKirti PrakashanfIndian Rupg275.00kIN6233l0o615.1068 ITPpBP1122r2020-07-10 00:00:00v203.50w2020-02-01yREF 00102ddc40708BPaPIETbPIETd2020-02-01eKirti PrakashanfIndian Rupg275.00kIN6233l0o615.1068 ITPpBP1123r2020-07-10 00:00:00v203.50w2020-02-01yBK